banner-ar

CHRONICLE FASCINATING PEOPLE AND MEMORABLE EVENTS OF 1996 / (Record no. 16067)

MARC details
000 -الفاتح
حقل البيانات ثابتة الطول 00526nam a2200193Ia 4500
008 - عناصر البيانات ثابتة الطول - معلومات عامة
حقل البيانات ثابتة الطول 140319s9999 xx 000 0 eng d
040 ## - مصدر الفهرسة
وكالة الفهرسة الأصلية GCL /
وكالة النسخ GCL
082 04 - رقم تصنيف ديوى العشرى
رقم التصنيف 309.829
رقم المادة G C
100 1# - المدخل الرئيسى - إسم شخصى
الإسم الشخصى TAWEREY, DAVID
245 10 - بيان العنوان
العنوان CHRONICLE FASCINATING PEOPLE AND MEMORABLE EVENTS OF 1996 /
بيان المسئوليه,etc TAWEREY, DAVID
700 1# - المدخل الاضافى - اسم شخصى
الإسم الشخصى GRAN, REG
700 1# - المدخل الاضافى - اسم شخصى
الإسم الشخصى VARGO, FRANCES
260 ## - PUBLICATION, DISTRIBUTION, ETC. (IMPRINT)
تاريخ النشر أو التوزيع 1996
300 ## - الوصف المادى
التعداد 112 P
650 04 - المدخل الاضافى بالموضوع-مصطلح موضوعى
مصطلح موضوعي HISTORY
650 04 - المدخل الاضافى بالموضوع-مصطلح موضوعى
مصطلح موضوعي EVENT HISTORY ANALYSIS
942 ## - عناصر المدخل الإضافي( كوها)
مصدر التصنيف او مخطط الترفيف Dewey Decimal Classification
Koha [default] item type كتاب
260 ## - PUBLICATION, DISTRIBUTION, ETC. (IMPRINT)
-- [S.N] :
-- DARLING KINDERSLEY ،
Holdings
حالة التراجع حالة الفقد حالة تلف ليس للاعارة المكان المؤقت الموقع الحالى تاريخ الاكتساب اجمالي اﻻعارات رقم الطلب الباركود تاريخ اخر مشاهدة تاريخ تفعيل السعر نوع وعاء كوها
        مكتبة القاهرة الكبرى مكتبة القاهرة الكبرى 03/26/2014   309.829\G C 29397 03/26/2014 03/26/2014 كتاب

Powered By

EGPV